Digital Marketing: (Record no. 183646)

MARC details
000 -LEADER
fixed length control field 00591nam a22001937a 4500
005 - DATE AND TIME OF LATEST TRANSACTION
control field 20211230123639.0
010 ## - LCCN (DPL NO)
LC control number ENG-130792
020 ## - INTERNATIONAL STANDARD BOOK NUMBER
International Standard Book Number 978-93-5316-978-7
Terms of availability 745.00
035 ## - SYSTEM CONTROL NUMBER
System control number EN-114324
037 ## - SOURCE OF ACQUISITION
Source of stock number/acquisition DBAD
082 ## - DEWEY DECIMAL CLASSIFICATION NUMBER
Classification number 658.872
100 ## - MAIN ENTRY--PERSONAL NAME
Personal name Gupta, Seema
245 ## - TITLE STATEMENT
Title Digital Marketing:
Statement of responsibility, etc Seema Gupta
250 ## - EDITION STATEMENT
Edition statement Second Edition
260 ## - PUBLICATION, DISTRIBUTION, ETC. (IMPRINT)
Place of publication, distribution, etc Chennai
Name of publisher, distributor, etc McGraw Hill Education Private Limited
Date of publication, distribution, etc 2017
270 ## - ADDRESS
Address 444/1, Sri Ekambara Naicker Industrial Estate, Alapakkam, Porur
City Chennai
Postal code 600116
300 ## - PHYSICAL DESCRIPTION
Extent 530p
Dimensions 24cm(pbk)
942 ## - ADDED ENTRY ELEMENTS (KOHA)
Source of classification or shelving scheme Dewey Decimal Classification
Item type English Books
Classification part 658.872
Call number suffix GUP
Holdings
Withdrawn status Lost status Not for loan Collection code Home library Current library Date acquired Source of acquisition Cost, normal purchase price Full call number Barcode Copy number Cost, replacement price Koha item type
      Non-fiction Patel Nagar Patel Nagar 30/12/2021 DBAD/PUB 745.00 658.872 GUP EN-114324 1 745.00 English Books

© Delhi Public Library
Hit Counter
free hit counter